LIBRARY & INFORMATION CENTRE, KCAET, TAVANUR

ONLINE PUBLIC ACCESS CATALOGUE (OPAC)

Introduction to econometrics / (Record no. 1327)

MARC details
000 -LEADER
fixed length control field 00448cam a2200169ua 4500
041 ## - LANGUAGE CODE
Language code of text/sound track or separate title eng
082 ## - DEWEY DECIMAL CLASSIFICATION NUMBER
Classification number 330.025195
Item number KLE/IN
100 ## - MAIN ENTRY--AUTHOR NAME
Personal name Klein, Lawrence.
245 ## - TITLE STATEMENT
Title Introduction to econometrics /
260 ## - PUBLICATION, DISTRIBUTION, ETC. (IMPRINT)
Place of publication New Delhi :
Name of publisher Prentice Hall of India Pvt Ltd. ,
Year of publication 1965.
300 ## - PHYSICAL DESCRIPTION
Number of Pages 280 ; .
942 ## - ADDED ENTRY ELEMENTS (KOHA)
Koha item type Books
Holdings
Withdrawn status Lost status Damaged status Home library Current library Date acquired Full call number Accession Number Koha item type
Withdrawn     KAUAET Sanskrit University 07/04/2012 330.025195 10838 Books
free website counter